Hana Gregorová: "Pavko v Prahe"

Recenzia knihy, ktorú vydala Čsl. grafická únia Praha - Prešov, 1933. Ilustroval A. Kašpar. Informuje o námete knihy, ktorá má slúžiť pre zábavu a poučenie mládeže

Bibliographic Details
Format: Article
Language:Slovak
Subjects:

MARC

LEADER 00000nab a22000001a 4500
001 vtls009083365
003 SK-MaSNL
005 20260304215027.0
008 070730d19340218xo |r|p|||| |000 b|slo
015 |a SNBRRBVU1918-1938 
038 |a SNKBUCL 
038 |a SNKBUVU 
040 |a SNKBUVU  |b slo  |c SNKBUCL  |e AACR2 
041 0 |a slo 
044 |a xo  |c SK 
080 |a 75.056  |2 1997 
080 |a 821.162.4-34  |2 1997 
245 0 0 |a Hana Gregorová: "Pavko v Prahe" 
500 |a V rubrike Literatúra 
520 |a Recenzia knihy, ktorú vydala Čsl. grafická únia Praha - Prešov, 1933. Ilustroval A. Kašpar. Informuje o námete knihy, ktorá má slúžiť pre zábavu a poučenie mládeže 
600 1 7 |a Kašpar, Adolf,  |d 1877-1934  |2 snkbucl  |9 62154 
650 0 7 |a historické rozprávky  |2 snkbucl  |9 1549335 
650 0 7 |a slovenské rozprávky  |2 snkbucl  |9 85369 
650 0 7 |a ilustrácie  |2 MM  |9 2743 
650 0 7 |a knižné ilustrácie  |2 snkbucl  |9 2742 
773 0 |t Slovenský východ  |g Roč. 16, č. 40 (18.2.1934), s. 6 
787 0 8 |i Rec.:  |a Gregorová, Hana, 1885-1958  |t Pavko v Prahe  |d Praha - Prešov : Čsl. grafická únia, 1933 
852 |a SNK  |b KIS3GCP 
910 |a snkrbvumm 
958 |a VY 
958 |a LX 
958 |a RC 
999 |c 3144331  |d 3146261